Online Catalogue and eLibrary

Gender Reversals & Gender Cultures (Record no. 2049)

MARC details
000 -LEADER
fixed length control field 00518nam a2200193Ia 4500
005 - DATE AND TIME OF LATEST TRANSACTION
control field 20250115042853.0
008 - FIXED-LENGTH DATA ELEMENTS--GENERAL INFORMATION
fixed length control field 240331s9999 xx 000 0 und d
020 ## - INTERNATIONAL STANDARD BOOK NUMBER
ISBN 0415114837
082 ## - DDC Classification
Item Number - Author Mark SAB
DDC Edition Number 2280
Class No. 305.3
245 #0 - TITLE STATEMENT
Title Gender Reversals & Gender Cultures
Remainder of title Anthropological and Historical Perspectives
260 ## - PUBLICATION, DISTRIBUTION, ETC.
Place of publication, distribution, etc. London
-- New York
Name of publisher, distributor, etc. Routledge
Date of publication, distribution, etc. 1996
300 ## - PHYSICAL DESCRIPTION
Extent (e.g. Volumes, Pages etc.) xiii, 231
650 ## - SUBJECT ADDED ENTRY--TOPICAL TERM
Topical term or geographic name entry element Gender
650 ## - SUBJECT ADDED ENTRY--TOPICAL TERM
Topical term or geographic name entry element Culture
650 ## - SUBJECT ADDED ENTRY--TOPICAL TERM
Topical term or geographic name entry element History
650 ## - SUBJECT ADDED ENTRY--TOPICAL TERM
Topical term or geographic name entry element Anthropology
700 ## - ADDED ENTRY--PERSONAL NAME
Personal name Ramet, S. P
Relator term (Role) Editor
942 ## - Koha item type (Biblio)
Koha item type Books in Stacks (Lending)
Holdings
Lost status Damaged status Collection code Home library Current library Shelving location Date acquired Full call number Accession Number Item type
    Lending WERC Library WERC Library Social Science Cupboard 03/31/2024 305.3 GEN 2280 Books in Stacks (Lending)

© WERC Library